O používaní východnej - pravoslávnej terminológie

Bibliographic Details
Main Author: Soroka, Peter (Author)
Format: Article
Language:Slovak
PhysicalDescription:Obr.
ISSN:0139-9012
Subjects:

MARC

LEADER 00000nab a2200000 a 4500
001 vtls000778612
003 SK-MaSNL
005 20260302152506.0
008 180205c2001 xo 0 slo
015 |a SNBRB2002/01-01256 
035 |a CLN000130391 
040 |a SNKBUCL  |b slo  |c SNKBUCL  |e AACR2 
041 0 |a slo 
044 |a xo  |c SK 
080 |a 281.93(437.6):801.316.4  |2 UDC-MRF-SK2 
100 1 |a Soroka, Peter  |4 aut  |9 274330 
245 1 0 |a O používaní východnej - pravoslávnej terminológie  |c Peter Soroka 
300 |b Obr. 
610 7 |a Pravoslávna cirkev  |x problémy terminologické  |z Slovensko  |2 snkbucl  |9 845909 
655 7 |a články z novín a časopisov  |2 snkbucl  |9 267496 
773 0 |x 0139-9012  |t Odkaz sv. Cyrila a Metoda  |g Roč. 47, č. 11 (2001), s. 6-8 
850 |a Slovenská národná knižnica v Martine 
852 |a SNK  |b KIS3GCP 
958 |a RBX 
999 |c 1362749  |d 1364679